000
00258 a2200109 4500
001
76615
082
_a
940.5311 TAY
090
_c
39146
_d
39146
100
_a
Taylor, AJP
245
_a
Origines of the second world war
_h
English
260
_b
Hamilton
_c
1961
942
_a
CAE NUST
_k
940.5311 TAY
999
_c
311688
_d
311688